Loading...
| Beliefs | 2 | 4 | 1 | 1 | 65 | 72 | 88.33 | 3 | 4 | 16.55 | 32.50 |
| Literature - European | 3 | 2 | 1 | 0 | 60 | 47 | 63.60 | 1 | 4 | 28.53 | 31.11 |
| Literature - American | 2 | 3 | 1 | 2 | 55 | 61 | 107.20 | 0 | 2 | 15.90 | 22.22 |
| Social Science | 1 | 3 | 0 | 1 | 45 | 69 | 87.50 | 1 | 2 | 7.35 | 16.00 |
| Literature - World | 1 | 3 | 1 | 1 | 40 | 36 | 97.25 | 1 | 2 | 15.03 | 22.78 |
| Literature - British | 2 | 1 | 0 | 1 | 40 | 37 | 59.00 | 0 | 3 | 18.62 | 13.33 |
| Fine Arts - Other Arts | 0 | 2 | 0 | 0 | 20 | 68 | 79.50 | 0 | 2 | 9.14 | 15.56 |
| Science - Other | 0 | 2 | 0 | 1 | 20 | 89 | 102.50 | 0 | 1 | 3.83 | 5.00 |
| History - Other | 1 | 0 | 0 | 0 | 15 | 46 | 46.00 | 0 | 1 | 15.65 | 20.00 |
| Other Academic | 1 | 0 | 0 | 0 | 15 | 44 | 44.00 | 1 | 1 | 22.55 | 33.33 |
| Visual Arts | 0 | 1 | 0 | 0 | 10 | 108 | 108.00 | 0 | 1 | 2.78 | 6.67 |
| History - American | 0 | 1 | 0 | 1 | 10 | 113 | 113.00 | 0 | 1 | 0.10 | 6.67 |
| Science - Biology | 0 | 1 | 0 | 0 | 10 | 75 | 75.00 | 0 | 1 | 4.28 | 6.67 |
| Science - Chemistry | 0 | 1 | 0 | 0 | 10 | 75 | 75.00 | 0 | 0 | 3.80 | 2.22 |
| Auditory Arts | 0 | 1 | 0 | 1 | 10 | 120 | 120.00 | 0 | 0 | 0.09 | 2.22 |
| History - Ancient | 0 | 1 | 1 | 1 | 5 | 138 | 138.00 | 1 | 1 | 0.14 | 4.00 |
| Current Events | 0 | 1 | 1 | 0 | 5 | 114 | 114.00 | 0 | 1 | 0.57 | 13.33 |
| Philosophy | 0 | 0 | 1 | 0 | -5 | 0.00 | 0 | 0 | 0.00 | 0.00 |